The teacher and the school curriculum/ (Record no. 7356)

MARC details
000 -LEADER
fixed length control field 00537nam a22001697a 4500
003 - CONTROL NUMBER IDENTIFIER
control field OSt
005 - DATE AND TIME OF LATEST TRANSACTION
control field 20260114015159.0
008 - FIXED-LENGTH DATA ELEMENTS--GENERAL INFORMATION
fixed length control field 260114b |||||||| |||| 00| 0 eng d
040 ## - CATALOGING SOURCE
Original cataloging agency DWC-Main lib
Transcribing agency OC
082 ## - DEWEY DECIMAL CLASSIFICATION NUMBER
Classification number Fil. 375.001 B595t 2020
100 ## - MAIN ENTRY--PERSONAL NAME
Personal name Bilbao,Purita P.
245 ## - TITLE STATEMENT
Title The teacher and the school curriculum/
Statement of responsibility, etc. Purita P. Bilbao
260 ## - PUBLICATION, DISTRIBUTION, ETC.
Place of publication, distribution, etc. Quezon City :
Name of publisher, distributor, etc. Lorimar Publishing ,
Date of publication, distribution, etc. c2020.
300 ## - PHYSICAL DESCRIPTION
Extent viii, 232 pages :
Other physical details illustrations ;
Dimensions 25cm.
650 ## - SUBJECT ADDED ENTRY--TOPICAL TERM
Topical term or geographic name entry element 1. Education-Curricula
942 ## - ADDED ENTRY ELEMENTS (KOHA)
Source of classification or shelving scheme Dewey Decimal Classification
Koha item type Book-Filipiniana
Call number prefix Fil.
Suppress in OPAC No
952 ## - LOCATION AND ITEM INFORMATION (KOHA)
--
952 ## - LOCATION AND ITEM INFORMATION (KOHA)
--
Holdings
Withdrawn status Lost status Source of classification or shelving scheme Damaged status Not for loan Home library Current library Shelving location Date acquired Source of acquisition Cost, normal purchase price Total Checkouts Full call number Barcode Date last seen Copy number Price effective from Koha item type Uniform Resource Identifier
    Dewey Decimal Classification     College Library College Library Filipiniana 02/24/2021 School Fund 390.00   Fil. 375.001 B595t 2020 CL52693 01/14/2026 c1 01/14/2026 BK - FIL
    Dewey Decimal Classification     College Library College Library Filipiniana 02/24/2021 School Fund 390.00   Fil. 375.001 B595t 2020 CL52694 01/14/2026 c2 01/14/2026 BK - FIL